| 000 | 00495nam a2200193Ia 4500 | ||
|---|---|---|---|
| 008 | 200601s9999 xx 000 0 und d | ||
| 020 | _a978-621-420-203-4 | ||
| 050 | _aFIL PR 9550.9 | ||
| 050 | _b.J63 2016 | ||
| 100 | _aJoaquin, Nick. | ||
| 245 | 4 | _aThe Woman who had two navels / | |
| 245 | 0 | _cNick Joaquin. | |
| 260 | _aMandaluyong City : | ||
| 260 | _bAnvil Publishing, | ||
| 260 | _c2016 | ||
| 300 | _a240 pages : | ||
| 300 | _c19 cm. | ||
| 650 | _aPhilippine fiction (English). | ||
| 999 |
_c363185 _d363185 |
||